| 000 | 01241nam a2200325 a 4500 | ||
|---|---|---|---|
| 003 | CHAP | ||
| 005 | 20220329142854.0 | ||
| 008 | 041110d2003 mx r 10100 eng d | ||
| 010 | _a89020 | ||
| 011 | _a89992 | ||
| 035 | _a100548 | ||
| 040 | _cCHAP | ||
| 082 | 0 | 4 |
_a338.544 _bI5 |
| 111 | 0 | 0 |
_aInternational Symposium on Forecasting ( _n23 : _d2003 : _cMérida, Yuc.) _959909 |
| 245 | 1 | 0 |
_aForecasting in business, finance and economics in the electronic era _c/by Instituto Nacional de Estadística, Geografía e Informática |
| 260 |
_aAguascalientes, Ags. : _bInstituto Nacional de Estadística, Geografía e Informática, _c2003. |
||
| 300 |
_a178 p. : _bilus. |
||
| 590 |
_aBATCH-UPD _b10 _c20130110 _lUCH01 _h0727 |
||
| 590 |
_aBATCH-UPD _b10 _c20130410 _lUCH01 _h0411 |
||
| 590 |
_aBATCH-UPD _b10 _c20130914 _lUCH01 _h1233 |
||
| 590 |
_aCONVERSION _b10 _c20130109 _lUCH01 _h1349 |
||
| 650 | 1 | 4 |
_aEconomía _xCongresos. _935231 |
| 650 | 1 | 4 |
_aFinanzas. _940930 |
| 650 | 1 | 4 |
_aNegocios _xPronósticos. _980699 |
| 710 | 2 |
_aInstituto Nacional de Estadística, Geografía e Informática. México. _959304 |
|
| 901 | _aBK | ||
| 905 | _aAlejandra Carrasco M. | ||
| 942 | _cLIBRO | ||
| 949 |
_a338.544 I5 _bBC _cCONG _d1005481 _eCONG _h104590 _i100548 _sb |
||
| 999 |
_c89020 _d89020 |
||